| 000 | 01185cam a22003011i 4500 | ||
|---|---|---|---|
| 003 | SA-RiAUC | ||
| 005 | 20250610092902.0 | ||
| 008 | 250604s1996 su g 00000 ara c | ||
| 020 | _a996090296X | ||
| 040 |
_aSA-RiKSU _bara _cSA-RiAUC _erda |
||
| 043 | _aa-su--- | ||
| 050 | 4 | _bH37 1996 | |
| 082 | 0 | 4 |
_a929.209531 _qSA-RiAUC |
| 090 |
_a929.209531 _b ح ر ب |
||
| 100 | 1 |
_aالحربي، فايز بن موسى، _d1376 هجري- _eمؤلف. |
|
| 245 | 1 | 0 |
_aمذكرات تاريخية عن بعض أعلام قبيلة حرب / _cتأليف وإعداد فائز بن موسى البدراني الحربي. |
| 250 | _aالطبعة الأولى. | ||
| 264 | 1 |
_aالرياض : _bدار البدراني للنشر والتوزيع، _c1996 |
|
| 300 |
_aمجلد ؛ _c24 سم |
||
| 336 |
_aنص _btxt _2rdacontent _3كتاب |
||
| 337 |
_aبدون وسيط _bn _2rdamedia |
||
| 338 |
_aمجلد _bnc _2rdacarrier |
||
| 650 | 7 |
_aالأنساب العربية _2aucsh |
|
| 650 | 7 |
_aالقبائل العربية _zالسعودية _2aucsh |
|
| 650 | 7 |
_aحرب (قبيلة) _xتاريخ _2aucsh |
|
| 942 |
_2ddc _cBOOK _n0 |
||
| 949 |
_aSA-JeALM _d250604 _umohamedma123 _n1 |
||
| 999 |
_c8775 _d8775 |
||